| 000 | 00448cam a2200181ua 4500 | ||
|---|---|---|---|
| 020 | _c1.40 | ||
| 041 |
_ahin _h |
||
| 082 |
_a891.54 _b |
||
| 100 | _aRoshanlal, Sinhal . | ||
| 245 |
_aHindi ke prasidh mahakavya / _cRoshanlal Sinhal. _hTextual Documents |
||
| 260 |
_a : _bRajpal and Sanch , _c1954. |
||
| 300 | _a86 ; . | ||
| 365 | _a1.40 | ||
| 504 | _a | ||
| 700 | 1 | _aJagadish, Dikshit Anand . | |
| 942 | _cBK | ||
| 999 |
_c11472 _d11472 |
||